000
00235nam a2200097Ia 4500
005
20251222114400.0
008
251222s1900||||xx |||||||||||||| ||spa||
082
_a
DVD0070/P75/1971
245
0
_a
La tragedia de Macbeth:Macbeth
942
_c
DVD
999
_c
1609
_d
1609